000 01067nmm a2200337 a 4500
001 ocm0002015670
003 TR-IsHL
005 20201028180317.0
008 181207s2013 tu tur
007 cr cn
020 _a9786055675790
035 _a2015670
_b(N$T)
050 0 4 _aBL624
_b.A75 2013
090 0 4 _aBL624
_b.A75 2013
100 1 _aArif, Can
245 1 0 _aEvrensel işleyiş ve ruhların hasadı: varoluş oyunu I
_h[electronic resource] /
_cCan Arif ; editör Güneş Öztürk
250 _a1. Baskı
260 _aİstanbul :
_bMaya Kitap,
_c2013
300 _a326 p.
650 4 _aFelsefe, Psikoloji ve Din
650 4 _aPhilosophy, Psychology and Religion
650 0 _aTinsel yaşam
650 0 _aSpiritual life
650 0 _aPsikoloji
650 0 _aPsychology
650 0 _aVaroluşçuluk
650 0 _aExistentialism
650 7 _aPHILOSOPHY / Movements / Existentialism
_2bisacsh
700 1 _aÖztürk, Güneş
856 4 0 _uhttp://search.ebscohost.com/login.aspx?direct=true&scope=site&db=e011xww&AN=2015670
999 _c19079
_d19079